Materia medica for nurses : (Record no. 5313)

000 -LEADER
fixed length control field 00830cam a22002652 4500
003 - CONTROL NUMBER IDENTIFIER
control field ALUPE UNIVERSITY COLLEGE
005 - DATE AND TIME OF LATEST TRANSACTION
control field 20220406124034.0
008 - FIXED-LENGTH DATA ELEMENTS--GENERAL INFORMATION
fixed length control field 810226s1980 enka 001 0 eng d
020 ## - INTERNATIONAL STANDARD BOOK NUMBER
International Standard Book Number 0713143584
040 ## - CATALOGING SOURCE
Transcribing agency ALUPE UNIVERSITY COLLEGE
050 ## - LIBRARY OF CONGRESS CALL NUMBER
Classification number RM125
Item number .S44 1980
060 0# - NATIONAL LIBRARY OF MEDICINE CALL NUMBER
Classification number QV 4
Item number S439m 1980
090 ## - LOCALLY ASSIGNED LC-TYPE CALL NUMBER (OCLC); LOCAL CALL NUMBER (RLIN)
Classification number (OCLC) (R) ; Classification number, CALL (RLIN) (NR) RM125
Local cutter number (OCLC) ; Book number/undivided call number, CALL (RLIN) .S44 1980
100 1# - MAIN ENTRY--PERSONAL NAME
Personal name Sears, W. Gordon
Dates associated with a name 1901-
245 10 - TITLE STATEMENT
Title Materia medica for nurses :
Remainder of title a textbook of drugs and therapeutics /
Statement of responsibility, etc. W. Gordon Sears, R.S. Winwood.
250 ## - EDITION STATEMENT
Edition statement 9th ed.
260 ## - PUBLICATION, DISTRIBUTION, ETC.
Place of publication, distribution, etc. London :
Name of publisher, distributor, etc. E. Arnold,
Date of publication, distribution, etc. 1980.
300 ## - PHYSICAL DESCRIPTION
Extent vi, 341 p. :
Other physical details ill.
650 #2 - SUBJECT ADDED ENTRY--TOPICAL TERM
Topical term or geographic name entry element Pharmacology
General subdivision nurses' instruction
650 #0 - SUBJECT ADDED ENTRY--TOPICAL TERM
Topical term or geographic name entry element Pharmacology.
650 #0 - SUBJECT ADDED ENTRY--TOPICAL TERM
Topical term or geographic name entry element Therapeutics.
700 1# - ADDED ENTRY--PERSONAL NAME
Personal name Winwood, R. S.
942 ## - ADDED ENTRY ELEMENTS (KOHA)
Source of classification or shelving scheme
Koha item type Book
Suppress in OPAC PW
Holdings
Withdrawn status Lost status Source of classification or shelving scheme Damaged status Not for loan Permanent Location Current Location Shelving location Date acquired Source of acquisition Total Checkouts Full call number Barcode Date last seen Price effective from Koha item type Public note
          AU LIBRARY AU LIBRARY Open Shelf 06.04.2022 DONATION FROM MOI UNIVERSITY   RM125 .S44 1980 28007850 06.04.2022 06.04.2022 Book PW

Powered by Koha